| 000 | 00383nam a2200145Ia 4500 | ||
|---|---|---|---|
| 008 | 100415s9999 xx 000 0 und d | ||
| 082 |
_b3269 _a591.5 |
||
| 100 | _aFOX, H MUNRO | ||
| 245 | _aThe Personality An Animal | ||
| 260 |
_aHARMONDSWORTH _c1940 _bPENGUIN BOOKS |
||
| 365 | _b0 | ||
| 630 | _aThe Personality An Animal | ||
| 730 | _aThe Personality An Animal | ||
| 942 | _cBOOK | ||
| 999 |
_c586258 _d586255 |
||